[Event "COL-ch U12"]
[Site "Bogota"]
[Date "2009.04.03"]
[Round "4.6"]
[White "Villamil, Nahum Jose"]
[Black "Canon, Yesid Roberto"]
[Result "0-1"]
[WhiteElo "1767"]
[BlackElo "1880"]
[PlyCount "24"]
[EventDate "2009.04.03"]
[EventType "swiss"]
[EventRounds "7"]
[EventCountry "COL"]
[SourceTitle "EXT 2024"]
[Source "ChessBase"]
[SourceDate "2023.10.10"]
[SourceVersion "1"]
[SourceVersionDate "2023.10.10"]
[SourceQuality "1"]

1. e4 c5 2. Nf3 d6 3. d4 cxd4 4. Nxd4 Nf6 5. Nc3 g6 6. Be3 Bg7 7. Qd2 0-0 8. Bh6 Bxh6 9. Qxh6 Qb6 10. Nb3 Qxf2+ 11. Kxf2 Ng4+ 12. Ke1 Nxh6 0-1

[Event "Cali op-D"]
[Site "Cali"]
[Date "2008.12.29"]
[Round "8"]
[White "Canon, Yesid Roberto"]
[Black "Mayorquin Polanco, Nicolas"]
[Result "1-0"]
[WhiteElo "1591"]
[BlackElo "1708"]
[PlyCount "44"]
[EventDate "2008.12.26"]
[EventType "swiss"]
[EventRounds "9"]
[EventCountry "COL"]
[SourceTitle "EXT 2011"]
[Source "ChessBase"]
[SourceDate "2010.11.26"]
[SourceVersion "1"]
[SourceVersionDate "2010.11.26"]
[SourceQuality "1"]

1. e4 c5 2. Nf3 d6 3. d4 cxd4 4. Qxd4 Nc6 5. Bb5 Bd7 6. Bxc6 Bxc6 7. c4 Nf6 8. Nc3 e5 9. Qd3 Be7 10. 0-0 0-0 11. Be3 Qd7 12. Rfd1 Qg4 13. h3 Qd7 14. Qc2 Qc7 15. Rac1 Rfc8 16. Rd2 a6 17. Nd5 Bxd5 18. cxd5 Bd8 19. Qxc7 Rxc7 20. Rxc7 Bxc7 21. Rc2 Ba5 22. Bd2 Bd8 1-0

[Event "Cali op-D"]
[Site "Cali"]
[Date "2008.12.29"]
[Round "7"]
[White "Mapura, Juan David"]
[Black "Canon, Yesid Roberto"]
[Result "1-0"]
[WhiteElo "1529"]
[BlackElo "1591"]
[PlyCount "54"]
[EventDate "2008.12.26"]
[EventType "swiss"]
[EventRounds "9"]
[EventCountry "COL"]
[SourceTitle "EXT 2011"]
[Source "ChessBase"]
[SourceDate "2010.11.26"]
[SourceVersion "1"]
[SourceVersionDate "2010.11.26"]
[SourceQuality "1"]

1. d4 Nf6 2. Nf3 g6 3. Bg5 Bg7 4. e3 0-0 5. Nc3 d6 6. Qd2 Bf5 7. h3 Nbd7 8. Be2 Nb6 9. 0-0 Nfd5 10. Nxd5 Nxd5 11. c4 Nf6 12. Rac1 Ne4 13. Qb4 b6 14. Bf4 c5 15. Qa3 Qd7 16. g4 g5 17. Nxg5 Nxg5 18. Bxg5 Be4 19. f3 Bc6 20. d5 e6 21. e4 exd5 22. exd5 h5 23. Bd3 Bd4+ 24. Kg2 hxg4 25. hxg4 f6 26. Bf4 Rfd8 27. Rh1 Rdc8 1-0

[Event "Cali op-D"]
[Site "Cali"]
[Date "2008.12.28"]
[Round "6"]
[White "Canon, Yesid Roberto"]
[Black "Renteria, Alejandro"]
[Result "1-0"]
[WhiteElo "1591"]
[BlackElo "1599"]
[PlyCount "29"]
[EventDate "2008.12.26"]
[EventType "swiss"]
[EventRounds "9"]
[EventCountry "COL"]
[SourceTitle "EXT 2011"]
[Source "ChessBase"]
[SourceDate "2010.11.26"]
[SourceVersion "1"]
[SourceVersionDate "2010.11.26"]
[SourceQuality "1"]

1. e4 c5 2. Nf3 a6 3. d4 cxd4 4. Qxd4 Nc6 5. Qd2 d6 6. c4 Qc7 7. Nc3 e6 8. Be2 Be7 9. b3 b6 10. Bb2 Bb7 11. 0-0 Nf6 12. h3 0-0-0 13. Ng5 Ne5 14. f4 Nfd7 15. fxe5 1-0